<?xml version="1.0" encoding="UTF-8"?>
<record
    xmlns:xsi="http://www.w3.org/2001/XMLSchema-instance"
    xsi:schemaLocation="http://www.loc.gov/MARC21/slim http://www.loc.gov/standards/marcxml/schema/MARC21slim.xsd"
    xmlns="http://www.loc.gov/MARC21/slim">

  <leader>00922nam a22002177a 4500</leader>
  <controlfield tag="003">LK-CoMWRAF</controlfield>
  <controlfield tag="005">20240503115930.0</controlfield>
  <controlfield tag="008">240503b1992    |||||||| |||| 00| 0 eng d</controlfield>
  <datafield tag="040" ind1=" " ind2=" ">
    <subfield code="a">LK-CoMWRAF</subfield>
    <subfield code="d">LK-CoMWRAF</subfield>
    <subfield code="e">LK-CoMWRAF</subfield>
  </datafield>
  <datafield tag="041" ind1=" " ind2=" ">
    <subfield code="a">tam</subfield>
  </datafield>
  <datafield tag="082" ind1=" " ind2=" ">
    <subfield code="a">305.8</subfield>
    <subfield code="b">ANU</subfield>
  </datafield>
  <datafield tag="245" ind1=" " ind2=" ">
    <subfield code="a">&#xB85;&#xB99;&#xBC2;&#xBB0;&#xBBE;&#xBA4;&#xBAA;&#xBC1;&#xBB0; &#xBAE;&#xBBE;&#xBB5;&#xB9F;&#xBCD;&#xB9F; &#xBAE;&#xBC1;&#xBB8;&#xBCD;&#xBB2;&#xBBF;&#xBAE;&#xBCD;&#xB95;&#xBB3;&#xBCD;: </subfield>
    <subfield code="b">&#xBB5;&#xBB0;&#xBB2;&#xBBE;&#xBB1;&#xBC1;&#xBAE;&#xBCD; &#xBAA;&#xBB0;&#xBAE;&#xBCD;&#xBAA;&#xBB0;&#xBBF;&#xBAF;&#xBB2;&#xBC1;&#xBAE;&#xBCD;</subfield>
  </datafield>
  <datafield tag="246" ind1=" " ind2=" ">
    <subfield code="a">Anuratapura Mawatta Muslimgal: varalarum parampariyalum </subfield>
  </datafield>
  <datafield tag="246" ind1=" " ind2=" ">
    <subfield code="a">Muslims of Anuradhapura District : History and Heritage</subfield>
  </datafield>
  <datafield tag="260" ind1=" " ind2=" ">
    <subfield code="a">Colombo: </subfield>
    <subfield code="b">Office of the Minister of state and the department of Muslim Religious &amp; Cultural Affairs, </subfield>
    <subfield code="c">1992</subfield>
  </datafield>
  <datafield tag="300" ind1=" " ind2=" ">
    <subfield code="a">105 p.</subfield>
  </datafield>
  <datafield tag="490" ind1=" " ind2=" ">
    <subfield code="a">&#xBAE;&#xBBE;&#xBB5;&#xB9F;&#xBCD;&#xB9F; &#xB85;&#xBB1;&#xBBF;&#xBAE;&#xBC1;&#xB95; &#xBA8;&#xBC1;&#xBB2;&#xBCD; </subfield>
    <subfield code="v">2</subfield>
  </datafield>
  <datafield tag="650" ind1=" " ind2=" ">
    <subfield code="a">MUSLIMS-ANURADHAPURA DISTRICT-Sri Lanka</subfield>
  </datafield>
  <datafield tag="856" ind1=" " ind2=" ">
    <subfield code="u">https://noolaham.net/project/122/12183/12183.pdf</subfield>
  </datafield>
  <datafield tag="942" ind1=" " ind2=" ">
    <subfield code="c">BK</subfield>
  </datafield>
  <datafield tag="952" ind1=" " ind2=" ">
    <subfield code="0">0</subfield>
    <subfield code="1">0</subfield>
    <subfield code="4">0</subfield>
    <subfield code="7">0</subfield>
    <subfield code="a">MAIN</subfield>
    <subfield code="b">MAIN</subfield>
    <subfield code="d">2024-05-03</subfield>
    <subfield code="l">0</subfield>
    <subfield code="o">305.8 ANU</subfield>
    <subfield code="p">RAF5244</subfield>
    <subfield code="r">2024-05-03</subfield>
    <subfield code="w">2024-05-03</subfield>
    <subfield code="y">BK</subfield>
  </datafield>
  <datafield tag="999" ind1=" " ind2=" ">
    <subfield code="c">4887</subfield>
    <subfield code="d">4887</subfield>
  </datafield>
</record>
